000 00457nab a2200145Ia 4500
003 ES-SlBCS
005 20210601125232.0
008 140529s1973 xxu||||| |||| 00| 0 eng d
041 _aeng
100 1 _aCarr, David
_9132564
245 0 4 _aThe Fifth Meditation and Husserl's Cartesianism
_c David Carr
600 1 _aHusserl, Edmund-Descartes
_9155777
773 0 _tPhilosophy and Phenomenological Research
_gvol. 34, 1973, págs. 14-35
_wRev1411
942 _cAR
999 _c526976
_d526976